000 00690nab a2200193 4500
001 244442
003 OSt
005 20250805091728.0
007 tu
008 200917s2020|||||||
040 _aDE-2950
_cDE-2950
245 0 0 _aNeuanfang mit Baustellen
_bImmobilie. Die neue Oberschule soll in die Potsdamer Straße ziehen. Sofort nutzen lässt sich das Gebäude allerdings noch nicht. Vor dem Unterrichtsstart stehen umfangreiche Sanierungen und hohe Kosten/
_cLisa Larossa
264 _c2024
653 _aFrankfurt (Oder)
653 _aSchulen
653 _aBauarbeiten
773 0 _g36. Jahrgang (2025) Nr. 178 vom 02.08.2025, S. 17 mit Foto
_tMärkische Oderzeitung
942 _2z
_cA
999 _c373940
_d373940